The marketing of sunway d'hill residences, Kota Damansara, Selangor

Bibliographic Details
Main Authors: Seng, Chau Hsia (Author), Tee, Shir Ley (Author), Wong, Yan Ling (Author)
Format: Book
Language:English
Published: 2024
Subjects:

MARC

LEADER 00000cam a2200000 7i4500
001 0000030909
005 20251128.0
008 240620 my a eng
040 |a INS   |b eng   |c INS   |e rda 
090 0 0 |a IP131   |b 2024 
100 1 |a Seng, Chau Hsia ,   |e author 
245 1 4 |a The marketing of sunway d'hill residences, Kota Damansara, Selangor   |c Seng Chau Hsia, Wong Yan Ling, Tee Shir Ley 
264 1 |c 2024 
300 |a 1 volume (various pagings) :   |b illustrations, colour, pictures ;   |c 30 cm. 
336 |a text  |2 rdacontent 
337 |a unmediated  |2 rdamedia 
338 |a volume  |2 rdacarrier 
500 |a Integrated Project 
500 |a Laporan disediakan bagi memenuhi keperluan untuk dianugerahkan Sijil Agensi Harta Tanah dari Institut Penilaian Negara 
650 0 |a Housing   |x Marketing 
650 0 |a Real estate agents 
700 1 |a Tee, Shir Ley ,   |e author 
700 1 |a Wong, Yan Ling ,   |e author 
999 |a IP00000137   |b BOOK   |c Project papers   |e Default branch